ბათუმის შოთა რუსთაველის სახელმწიფო უნივერსიტეტის ბიბლიოთეკა

Little Women : (ბიბ.ჩანაწერი № 63750)

000 -ლიდერი
ფიქსირებული სიგრძის საკონტროლო ველი 00709nam a22002057a 4500
003 - საკონტროლო ნომრის იდენტიფიკატორი
საკონტროლო ველი Ge_BSU
005 - ბოლო ოპერაციის თარიღი და დრო
საკონტროლო ველი 20251219204957.0
008 - ფიქსირებული სიგრძის მონაცემთა ელემენტები - ზოგადი ინფორმაცია
ფიქსირებული სიგრძის საკონტროლო ველი 251219s2023 ge ||||| |||| 00| 0 geo d
020 ## - წიგნის საერთაშორისო სტანდარტული ნომერი
International Standard Book Number 9789941357015
041 ## - ენის კოდი
Language code of text/sound track or separate title geo
080 ## - უნივერსალური ათობითი კლასიფიკაციის ინდექსი
Universal Decimal Classification number 821.111(73)-31 A-30
100 ## - მთავარი ჩანაწერი - პიროვნების სახელი
Personal name Alcott, Louisa May
9 (RLIN) 26578
245 ## - ცნობა სათაურის შესახებ
Title Little Women :
Remainder of title [A novel] /
Statement of responsibility, etc Louisa May Alcott; copyeditor Tina Asatiani; designer Rati Tordia.
264 ## - წარმოების, გამოცემის, დისტრიბუციის და სხვა ცნობები
გამოცემის, წარმოების, დისტრიბუციის... ადგილი Tbilisi :
გამოცემის, წარმოების, დისტრიბუციის... სახელწოდება Palitra L,
გამოცემის, წარმოების, დისტრიბუციის... თარიღი 2023.
300 ## - ფიზიკური აღწერა
Extent 564 p. ;
Other physical details 19 cm.
653 ## - INDEX TERM--UNCONTROLLED
Uncontrolled term ამერიკული პროზა
700 ## - ADDED ENTRY--PERSONAL NAME
Personal name Asatiani, Tina
Relator term რედაქტორი
9 (RLIN) 26579
700 ## - ADDED ENTRY--PERSONAL NAME
Personal name Tordia, Rati
Relator term დიზაინერი
9 (RLIN) 26580
942 ## - ADDED ENTRY ELEMENTS (KOHA)
Source of classification or shelving scheme
Koha item type წიგნი
ეგზემპლარები
ჩამოწერის სტატუსი დაკარგული ეგზემპლარის სტატუსი კლასიფიკაციის წყარო ან თაროზე გაწყობის სქემა დაზიანების სტატუსი არ გაიცემა მუდმივი მდებარეობა (დაცვის ადგილი) ამჟამინდელი ადგილსამყოფელი თაროზე განთავსების ადგილი შეძენის თარიღი ღირებულება, შესყიდვის ნორმალური ფასი სრული შენახვის შიფრი შტრიხკოდი ბოლო ოპერაციის თარიღი ეგზემპლარის მიმდევრობითი ნომერი (კეტერი?) Uniform Resource Identifier ფასის ძალაში შესვლის თარიღი ეგზემპლარის სახეობა საჯარო შენიშვნა
          ბათუმის შოთა რუსთაველის სახელმწიფო უნივერსიტეტის მთავარი ბიბლიოთეკა ბათუმის შოთა რუსთაველის სახელმწიფო უნივერსიტეტის მთავარი ბიბლიოთეკა წიგნსაცავი 2025-12-19 10.00 821.111(73)-31 A-30 73331 2025-12-19 73331 სასაქონლო ზედნადები # 0945489272 2025-12-19 წიგნი 10 ლ.
          ბათუმის შოთა რუსთაველის სახელმწიფო უნივერსიტეტის მთავარი ბიბლიოთეკა ბათუმის შოთა რუსთაველის სახელმწიფო უნივერსიტეტის მთავარი ბიბლიოთეკა წიგნსაცავი 2025-12-19 10.00 821.111(73)-31 A-30 73332 2025-12-19 73332 სასაქონლო ზედნადები # 0945489272 2025-12-19 წიგნი 10 ლ.